Food Chain Quiz - Statistics

General Stats
  • This quiz has been taken 283 times
  • The average score is 7 of 10
Answer Stats
Hint Answer % Correct
What is a popular meat substitute made from soy, often used in vegetarian dishes? Tofu
90%
What frozen dessert is similar to gelato and commonly enjoyed in a cone or cup? Ice cream
89%
What is a popular Mexican dish consisting of tortilla chips covered in melted cheese and toppings? Nachos
89%
What is the primary ingredient of the Middle Eastern dish Falafel? Chickpea
85%
What is the Japanese term meaning “pleasant, savoury taste” and is considered the fifth basic taste? Umami
84%
Which tea blend is named after the British Prime Minister from 1830 to 1834? Earl Grey
82%
Which fruit is known as the king of fruits in Southeast Asia due to its strong smell? Durian
73%
What does a Frangipane filling contain? Almond
57%
What type of cheese is traditionally used in making tiramisu? Mascarpone
56%
What type of pastry is used to make a traditional Cornish Pasty? Shortcrust
29%
No matching quizzes found
Score Distribution
Percent of People with Each Score
Percentile by Number Answered
Your Score History
You have not taken this quiz